Las ONGs en la reconstrucción nacional
Enregistré dans:
| Format: | Texte |
|---|---|
| Sujets: | |
| Tags: |
Ajouter un tag
Pas de tags, Soyez le premier à ajouter un tag!
|
MARC
| LEADER | 00000 a a2200000 04500 | ||
|---|---|---|---|
| 001 | 5843 | ||
| 003 | |||
| 040 | |||
| 245 | |a Las ONGs en la reconstrucción nacional | ||
| 650 | |a ORGANIZACIONES NO GUBERNAMENTALES | ||
| 650 | |a DESARROLLO ECONOMICO | ||
| 650 | |a CONFLICTOS SOCIALES | ||
| 650 | |a ACUERDOS DE PAZ | ||
| 650 | |a PROYECTOS DE DESARROLLO | ||
| 773 | |g volumen 14, número 611; páginas 7-8 | ||
| 999 | |c 36313 |d 36313 | ||
